UM Logo

Tribute to the Philippine national flag/ (Record no. 15286)

MARC details
000 -LEADER
fixed length control field 00574nam a2200169 4500
008 - FIXED-LENGTH DATA ELEMENTS--GENERAL INFORMATION
fixed length control field 160901b xxu||||| |||| 00| 0 eng d
022 ## - INTERNATIONAL STANDARD SERIAL NUMBER
International Standard Serial Number 2094-8042
082 ## - DEWEY DECIMAL CLASSIFICATION NUMBER
Classification number DPer 370.105 M72 June 2010-Mar 2011 v. 59 n. 1-10
100 ## - MAIN ENTRY--PERSONAL NAME
9 (RLIN) 13905
Personal name Danganan, Rodel R
243 ## - COLLECTIVE UNIFORM TITLE
Unifor title <a href="The modern teacher">The modern teacher</a>
245 ## - TITLE STATEMENT
Title Tribute to the Philippine national flag/
Statement of responsibility, etc. Rodel R. Danganan.
260 ## - PUBLICATION, DISTRIBUTION, ETC. (IMPRINT)
Place of publication, distribution, etc. Philippines:
Name of publisher, distributor, etc. In the Grade School, Inc.,
Date of publication, distribution, etc. c2010-2011.
300 ## - PHYSICAL DESCRIPTION
Extent v59 n1, pages 8-9:
Dimensions 28 cm.
500 ## - GENERAL NOTE
General note The Modern Teacher
650 #0 - SUBJECT ADDED ENTRY--TOPICAL TERM
9 (RLIN) 13906
Topical term or geographic name as entry element State emblems.
General subdivision K+12
942 ## - ADDED ENTRY ELEMENTS (KOHA)
Source of classification or shelving scheme Dewey Decimal Classification
Koha item type Periodicals
Holdings
Withdrawn status Lost status Source of classification or shelving scheme Damaged status Not for loan Collection code Home library Current library Date acquired Total Checkouts Full call number Date last seen Price effective from Koha item type Public note
    Dewey Decimal Classification     Periodicals UM Digos College - LIC UM Digos College - LIC 05/20/2020   DPer 370.105 M72 June 2010-Mar 2011 v. 59 n. 1-10 05/20/2020 05/20/2020 Periodicals Periodical article